LDR 00764naa#a2200229#i#450# 001 EN\\bibl\120294 005 20260516144538.6 011 ## _a2782-490X 100 ## _a20260403b2026####ek#y0engy0150####ca 101 0# _aRUS 102 ## _aRU 200 1# _aASSESSMENT OF EROSION HAZARD OF SPRING MELTWATER IN VARIOUS AGROLANDSCAPE TYPES IN ULYANOVSK REGION _eJournal article 210 1# _aKazan _cKazan state agrarian University _d2026 215 ## _a6 с. 608 ## _aJournal article _2local 675 ## _aЭрозия. 631.459.21 _zRUS 700 #1 _aToigildin _gAlexander Leonidovich 700 #1 _aPetrov _gMaksim Vyacheslavovich 700 #1 _aSharipova _gRazide Barievna 700 #1 _aNikiforova _gSvetlana Aleksandrovna 700 #1 _aSyapukov _gNikita Evgen'evich 856 4# _anaukaru.ru _u